000 00553nam a2200217Ia 4500
003 OSt
005 20220928141750.0
006 a|||||r|||| 00| 0
007 ta
008 220927b |||||||| |||| 00| 0 eng d
024 _a17528
037 _cTextual
040 _aSDCL
_cSDCL
_beng
041 _2eng
_aeng
082 _aO15:gv, L3.2;1
100 _aKumar De Shushil
_9502115
245 0 _aSanskrit kavyashastra ka etihaas.
260 _c1973
942 _hO15:gv, L3.2;1
_cTEXL
_2CC
999 _c819849
_d819849